Un nuevo libro sobre historia económica de Costa Rica /

Guardat en:
Dades bibliogràfiques
Autor principal: Chow, Napoleón
Format: Text
Matèries:
Etiquetes: Afegir etiqueta
Sense etiquetes, Sigues el primer a etiquetar aquest registre!

MARC

LEADER 00000 a a2200000 04500
001 7966
003
040
100 |a Chow, Napoleón  
245 |a Un nuevo libro sobre historia económica de Costa Rica /  |c Napoleón Chow 
650 |a HISTORIA ECONOMICA  
650 |a LIBROS  
773 |g número 8; páginas 117-119  
999 |c 33272  |d 33272